[Event "Chigorin Memorial"]
[Site "St Petersburg"]
[Date "2015.10.04"]
[Round "2.74"]
[White "Borisovsky, Dmitry"]
[Black "Yeletsky, Ivan"]
[Result "0-1"]
[WhiteElo "2169"]
[BlackElo "2342"]
[PlyCount "50"]
[EventDate "2015.10.03"]
[EventRounds "9"]
[EventCountry "RUS"]

1. e4 g6 2. d4 Bg7 3. f4 d6 4. Nf3 Nf6 5. Nc3 O-O 6. Bd3 Nc6 7. e5 dxe5 8. fxe5
Nh5 9. Be3 Bg4 10. Be2 f6 11. exf6 exf6 12. Qd2 Ne7 13. O-O-O Nf5 14. Kb1 Re8
15. Bf2 Bh6 16. Qd3 Nf4 17. Qc4+ Kg7 18. Bf1 Nh3 19. gxh3 Bxf3 20. Bd3 Nd6 21.
Qb3 Bxh1 22. Rxh1 Be3 23. Bxe3 Rxe3 24. Nd5 Rf3 25. Re1 c6 0-1

[Event "Chigorin Memorial"]
[Site "St Petersburg"]
[Date "2015.10.04"]
[Round "2.75"]
[White "Karasev, Vladimir I"]
[Black "Yudkevich, Mikhail"]
[Result "1/2-1/2"]
[WhiteElo "2341"]
[BlackElo "2154"]
[PlyCount "90"]
[EventDate "2015.10.03"]
[EventRounds "9"]
[EventCountry "RUS"]

1. e4 e6 2. b3 d5 3. Bb2 dxe4 4. Nc3 Nf6 5. Qe2 Nbd7 6. Nxe4 Nxe4 7. Qxe4 Nf6
8. Qh4 b6 9. Nf3 Bb7 10. Ba6 Bxa6 11. Qa4+ c6 12. Qxa6 Be7 13. Ne5 Qc7 14. Qc4
Rc8 15. O-O O-O 16. Rae1 Rfd8 17. d3 Rd5 18. Qh4 Ne8 19. Qg3 Bf6 20. c4 Rdd8
21. d4 c5 22. dxc5 Qxc5 23. Rd1 Qc7 24. f4 Nd6 25. Qf3 Nf5 26. Kh1 Qc5 27. Rd3
Nh4 28. Qe4 Ng6 29. Bd4 Qc7 30. Nxg6 hxg6 31. Rfd1 Bxd4 32. Rxd4 Rxd4 33. Rxd4
b5 34. h3 bxc4 35. Rxc4 Qd7 36. Rxc8+ Qxc8 37. Kh2 Qc7 38. b4 g5 39. Qe5 Qc4
40. fxg5 Qxb4 41. g6 fxg6 42. Qxe6+ Kh7 43. Qb3 Qf4+ 44. Qg3 Qd4 45. a3 a5
1/2-1/2

[Event "Chigorin Memorial"]
[Site "St Petersburg"]
[Date "2015.10.04"]
[Round "2.76"]
[White "Vorobjev, Dmitry"]
[Black "Zakaryan, David"]
[Result "1-0"]
[WhiteElo "2163"]
[BlackElo "2335"]
[PlyCount "73"]
[EventDate "2015.10.03"]
[EventRounds "9"]
[EventCountry "RUS"]

1. e4 c5 2. Nf3 Nc6 3. d4 cxd4 4. Nxd4 Qc7 5. Nb5 Qb8 6. a4 Nf6 7. N1c3 e6 8.
Be2 a6 9. Na3 Bb4 10. Qd3 d5 11. exd5 exd5 12. O-O Qe5 13. Bf3 Bf5 14. Qd1
O-O-O 15. Bg5 Bd6 16. g3 Bxc2 17. Qc1 Be4 18. Nxe4 dxe4 19. Nc4 Qf5 20. Nxd6+
Rxd6 21. Bg2 Nd5 22. Re1 Re6 23. Bd2 Kb8 24. Qc4 Rhe8 25. Rad1 Ka8 26. b4 Nb6
27. Qf1 Nd4 28. Be3 Nc2 29. Bh3 Qh5 30. Bxe6 Nxe1 31. Qxe1 Nxa4 32. Bd7 Nc3 33.
Bxe8 Nxd1 34. Bxf7 Qf3 35. Bb3 Nxe3 36. Qxe3 h6 37. Qxf3 1-0

[Event "Chigorin Memorial"]
[Site "St Petersburg"]
[Date "2015.10.04"]
[Round "2.77"]
[White "Kenneskog, Theodor"]
[Black "Gorovenko, Darya"]
[Result "1-0"]
[WhiteElo "2334"]
[BlackElo "2024"]
[PlyCount "151"]
[EventDate "2015.10.03"]
[EventRounds "9"]
[EventCountry "RUS"]

1. d4 Nf6 2. c4 g6 3. f3 d5 4. cxd5 Nxd5 5. e4 Nb6 6. Nc3 Bg7 7. Be3 O-O 8. Qd2
e5 9. d5 c6 10. Rd1 Qe7 11. h4 N8d7 12. d6 Qe6 13. h5 Nf6 14. hxg6 fxg6 15. b3
Qe8 16. Nh3 Bxh3 17. Rxh3 Rd8 18. a4 Nc8 19. Bc4+ Kh8 20. Bc5 Nd7 21. Ba3 Ndb6
22. g4 Rd7 23. Bf1 Qe6 24. Qc2 a5 25. Bc5 Rfd8 26. b4 axb4 27. a5 b3 28. Qe2
Na8 29. Qc4 Qxc4 30. Bxc4 Nxd6 31. Be6 Nb5 32. Rxd7 Rxd7 33. Bxd7 Nxc3 34. Rh2
Nc7 35. Bb6 N7b5 36. Rb2 Na4 37. Rxb3 Nxb6 38. axb6 Bf8 39. Bc8 Nd6 40. Rd3 Kg8
41. Bd7 Be7 42. Ra3 Kf7 43. Ra8 Nc4 44. Bxc6 Nxb6 45. Be8+ Kf6 46. Rb8 Nc4 47.
Rxb7 Nd6 48. Rb8 Kg5 49. Bd7 h5 50. gxh5 Kxh5 51. Ke2 Kg5 52. Rg8 Nf7 53. Be8
Kf6 54. Kf2 Bc5+ 55. Kg3 Ke7 56. Bxf7 Kxf7 57. Rc8 Be3 58. Rc6 Kg7 59. Re6 Bf4+
60. Kf2 Kh6 61. Re8 Kg5 62. Rh8 Bc1 63. Ke2 Kf4 64. Rh4+ Kg5 65. Rg4+ Kf6 66.
Kd3 Bf4 67. Kc4 Bg5 68. Kd5 Bh6 69. Rg1 Bg7 70. Rc1 Kg5 71. Rc7 Bh8 72. Rh7 Bf6
73. Ke6 Bd8 74. Kxe5 Bf6+ 75. Ke6 Bc3 76. Rf7 1-0

[Event "Chigorin Memorial"]
[Site "St Petersburg"]
[Date "2015.10.04"]
[Round "2.78"]
[White "Opanasenko, Mikhail"]
[Black "Savitskiy, Sergey"]
[Result "0-1"]
[WhiteElo "2153"]
[BlackElo "2333"]
[PlyCount "78"]
[EventDate "2015.10.03"]
[EventRounds "9"]
[EventCountry "RUS"]

1. d4 Nf6 2. c4 g6 3. Nc3 Bg7 4. e4 d6 5. Nf3 Bg4 6. Be2 Nfd7 7. Ng1 Bxe2 8.
Ngxe2 O-O 9. Be3 c5 10. d5 a6 11. Qb3 b5 12. cxb5 axb5 13. Nxb5 Na6 14. O-O Qa5
15. a4 Rfb8 16. Nec3 Nc7 17. g3 Nxb5 18. axb5 Qxa1 19. Rxa1 Rxa1+ 20. Kg2 h5
21. Bg5 Kf8 22. Nd1 Ra5 23. Nc3 Bd4 24. h4 Rb6 25. Qc2 Bf6 26. Bh6+ Kg8 27. Qd2
Ne5 28. Qc2 Kh7 29. Na4 Rbxb5 30. Bd2 Ra8 31. Nc3 Rb7 32. Ne2 Rab8 33. Bc3 Ng4
34. Qc1 Bxc3 35. bxc3 Rb2 36. Kf3 Ne5+ 37. Ke3 Rb1 38. Qc2 R8b2 39. Qa4 Re1 0-1

[Event "Chigorin Memorial"]
[Site "St Petersburg"]
[Date "2015.10.04"]
[Round "2.79"]
[White "Nigmatov, Ortik"]
[Black "Gordon, Evgeny"]
[Result "1-0"]
[WhiteElo "2330"]
[BlackElo "2015"]
[PlyCount "69"]
[EventDate "2015.10.03"]
[EventRounds "9"]
[EventCountry "RUS"]

1. e4 e6 2. d3 d5 3. Nd2 dxe4 4. dxe4 e5 5. Ngf3 Bc5 6. Bc4 Nf6 7. O-O Nbd7 8.
b3 O-O 9. Bb2 Qe7 10. h3 c6 11. a4 Rb8 12. Re1 Bb4 13. Qe2 Nh5 14. g3 g6 15.
Kg2 Ng7 16. Red1 b6 17. Nf1 Bd6 18. Ne3 h5 19. Rd2 Bc7 20. Ba3 Nc5 21. Rdd1 Rd8
22. Rxd8+ Bxd8 23. h4 Qc7 24. Bxc5 bxc5 25. Rd1 Ne6 26. Qd3 Be7 27. c3 Kg7 28.
Nc2 Nf8 29. Nce1 Be6 30. Bxe6 Nxe6 31. Qc4 Qb6 32. Rd7 Kf8 33. Nxe5 Qxb3 34.
Qd3 c4 35. Qf3 1-0

[Event "Chigorin Memorial"]
[Site "St Petersburg"]
[Date "2015.10.04"]
[Round "2.80"]
[White "Yun, Vyacheslav"]
[Black "Nechaev, Oleg"]
[Result "0-1"]
[WhiteElo "1770"]
[BlackElo "2330"]
[PlyCount "100"]
[EventDate "2015.10.03"]
[EventRounds "9"]
[EventCountry "RUS"]

1. e4 c5 2. Nf3 Nc6 3. Nc3 e5 4. Bb5 d6 5. d3 g6 6. Bg5 f6 7. Be3 Nge7 8. Qd2
Be6 9. Bh6 Qd7 10. Bxf8 Rxf8 11. a4 a6 12. Bc4 Kf7 13. Qh6 Kg8 14. h4 Bxc4 15.
dxc4 Nd4 16. Qd2 Qg4 17. O-O-O b5 18. h5 g5 19. Rh3 b4 20. Nd5 Nxd5 21. exd5
Nxf3 22. Rxf3 Qxc4 23. b3 Qg4 24. Rg3 Qf4 25. Re1 Qxd2+ 26. Kxd2 Kg7 27. Rge3
f5 28. g3 Kh6 29. f4 e4 30. fxg5+ Kxg5 31. Rh1 Rae8 32. Rh2 Re5 33. c4 bxc3+
34. Kxc3 Rxd5 35. Rf2 Re5 36. Kc4 Rb8 37. Rd2 Rb4+ 38. Kc3 d5 39. Ree2 d4+ 40.
Kb2 Re7 41. Ka2 Reb7 42. Rb2 d3 43. Red2 c4 44. bxc4 Rxb2+ 45. Rxb2 Rxb2+ 46.
Kxb2 e3 47. Kc3 e2 48. Kd2 Kg4 49. c5 Kxg3 50. Ke1 Kf3 0-1

[Event "Chigorin Memorial"]
[Site "St Petersburg"]
[Date "2015.10.04"]
[Round "2.81"]
[White "Sichinava, Zviad"]
[Black "Mischeryakov, Alexey"]
[Result "1/2-1/2"]
[WhiteElo "2329"]
[BlackElo "1923"]
[PlyCount "60"]
[EventDate "2015.10.03"]
[EventRounds "9"]
[EventCountry "RUS"]

1. d4 d5 2. Bg5 h6 3. Bh4 c5 4. dxc5 Nc6 5. c3 a5 6. Nd2 g5 7. Bg3 e5 8. e4 Nf6
9. Bb5 Bxc5 10. Ngf3 dxe4 11. Nxe5 O-O 12. Nxc6 Qb6 13. Qa4 bxc6 14. Bxc6 e3
15. fxe3 Ra6 16. Bb5 Bxe3 17. O-O-O Bf5 18. Rhf1 Bg6 19. Bxa6 Qxa6 20. Rf3 Qd3
21. Rxe3 Qxe3 22. Re1 Qd3 23. Bf2 Rd8 24. Bd4 Ne4 25. Nxe4 Bxe4 26. Qb3 Qb1+
27. Kd2 Qd3+ 28. Kc1 Qb1+ 29. Kd2 Qd3+ 30. Kc1 Qb1+ 1/2-1/2

[Event "Chigorin Memorial"]
[Site "St Petersburg"]
[Date "2015.10.04"]
[Round "2.82"]
[White "Shirshov, Nikolay"]
[Black "Ovod, Evgenija"]
[Result "0-1"]
[WhiteElo "1714"]
[BlackElo "2328"]
[PlyCount "88"]
[EventDate "2015.10.03"]
[EventRounds "9"]
[EventCountry "RUS"]

1. Nf3 f5 2. c4 Nf6 3. Nc3 g6 4. g3 Bg7 5. Bg2 d6 6. d4 O-O 7. O-O Qe8 8. d5 e5
9. dxe6 Bxe6 10. Nd4 c6 11. Nxe6 Qxe6 12. Qb3 Rf7 13. Rd1 Na6 14. Be3 Ng4 15.
Bd4 Ne5 16. c5 Qxb3 17. axb3 Nxc5 18. Bxc5 dxc5 19. Ra5 b6 20. Ra6 Rc8 21. Rd6
Re7 22. f4 Ng4 23. h3 Bd4+ 24. Kh1 Nf6 25. Kh2 Rec7 26. Bf3 Kf7 27. b4 cxb4 28.
Rxd4 bxc3 29. bxc3 Re8 30. Rda4 Ree7 31. Kg2 Nd5 32. Ra3 Ne3+ 33. Kf2 Nc4 34.
R3a4 Na5 35. c4 Nb3 36. Rb4 Nc5 37. Ra3 Ke8 38. g4 Kd8 39. Ra2 Kc8 40. gxf5
gxf5 41. Kg3 Re6 42. Kh4 Rg7 43. Kh5 Nd7 44. Rba4 Reg6 0-1

[Event "Chigorin Memorial"]
[Site "St Petersburg"]
[Date "2015.10.04"]
[Round "2.83"]
[White "Kozyakov, Andrey"]
[Black "Biriukov, Oleg V"]
[Result "0-1"]
[WhiteElo "1628"]
[BlackElo "2323"]
[PlyCount "70"]
[EventDate "2015.10.03"]
[EventRounds "9"]
[EventCountry "RUS"]

1. e4 c5 2. Nf3 d6 3. d4 cxd4 4. Nxd4 Nf6 5. Nc3 a6 6. Be3 e6 7. f3 b5 8. Qd2
Nbd7 9. g4 h6 10. h4 b4 11. Nce2 d5 12. exd5 Nxd5 13. Bf2 Bb7 14. Bg2 Ne5 15.
c3 Nc4 16. Qc2 Qd7 17. Qb3 Rc8 18. Rc1 a5 19. cxb4 Bxb4+ 20. Nc3 a4 21. Qd1
Nce3 22. Bxe3 Nxe3 23. Qd2 Nxg2+ 24. Kf2 e5 25. Kxg2 Qxg4+ 26. Kf2 Qxd4+ 27.
Qxd4 exd4 28. Nxa4 O-O 29. a3 Bd2 30. Rcd1 Be3+ 31. Kg3 f5 32. b4 f4+ 33. Kg4
Rc2 34. Rhf1 Bc8+ 35. Kh5 Rf5+ 0-1

[Event "Chigorin Memorial"]
[Site "St Petersburg"]
[Date "2015.10.04"]
[Round "2.84"]
[White "Sedina, Elena"]
[Black "Ivanov, Nikolay A"]
[Result "1/2-1/2"]
[WhiteElo "2322"]
[BlackElo "1895"]
[PlyCount "120"]
[EventDate "2015.10.03"]
[EventRounds "9"]
[EventCountry "RUS"]

1. e4 c5 2. Nf3 e6 3. c3 d5 4. e5 Bd7 5. d4 Qb6 6. Bd3 Bb5 7. dxc5 Bxc5 8. b4
Be7 9. Be3 Qa6 10. Bxb5+ Qxb5 11. a4 Qd7 12. O-O h5 13. Nbd2 Nh6 14. Nb3 Nf5
15. Bc5 Nc6 16. Bxe7 Ncxe7 17. Qd3 Rc8 18. Rfd1 Qc7 19. Qb5+ Nc6 20. Na5 b6 21.
Nxc6 Qxc6 22. Nd4 Qxb5 23. axb5 Nxd4 24. Rxd4 Rc7 25. Kf1 Ke7 26. Ke2 Ra8 27.
Kd2 Kd7 28. f4 Kc8 29. Rf1 g6 30. f5 gxf5 31. Rh4 a5 32. bxa6 Rxa6 33. Rc1 Ra2+
34. Rc2 Rxc2+ 35. Kxc2 Kd7 36. Kd3 b5 37. Rxh5 Rc4 38. Rh7 Ke7 39. Rh8 Re4 40.
Rb8 Rxe5 41. Rxb5 Re4 42. Rb7+ Kf6 43. b5 Rh4 44. h3 Rh8 45. Ra7 Rg8 46. Ra2
Ke5 47. Re2+ Kd6 48. c4 Kc5 49. cxd5 Kxd5 50. Ke3 Rg3+ 51. Kf4 Rb3 52. Rd2+ Kc5
53. Rd7 Rxb5 54. Rxf7 Kd6 55. g4 Rb4+ 56. Kg5 fxg4 57. hxg4 e5 58. Rf1 Ke6 59.
Ra1 Rf4 60. Kh5 Rf2 1/2-1/2

[Event "Chigorin Memorial"]
[Site "St Petersburg"]
[Date "2015.10.04"]
[Round "2.85"]
[White "Esen, Baris"]
[Black "Caglar, Sila"]
[Result "1-0"]
[WhiteElo "2570"]
[BlackElo "1804"]
[PlyCount "59"]
[EventDate "2015.10.03"]
[EventRounds "9"]
[EventCountry "RUS"]

1. d4 d5 2. c4 e6 3. Nf3 f5 4. Bf4 Nf6 5. Nc3 c6 6. e3 Be7 7. Qc2 O-O 8. h3 Ne4
9. g4 g5 10. Bh2 fxg4 11. Nxe4 gxf3 12. Nc3 Bd7 13. Bd3 Rf7 14. O-O-O a5 15.
Rdg1 Na6 16. h4 Nb4 17. Qd1 Nxd3+ 18. Qxd3 b5 19. cxb5 cxb5 20. hxg5 Rf5 21. e4
Rxg5 22. Bf4 Rxg1+ 23. Rxg1+ Kh8 24. exd5 Bf6 25. Ne4 Bg7 26. Ng5 Qg8 27. Rh1
h6 28. Qg6 Qc8+ 29. Kd2 Kg8 30. Qf7+ 1-0

[Event "Chigorin Memorial"]
[Site "St Petersburg"]
[Date "2015.10.04"]
[Round "2.86"]
[White "Derli, Olga"]
[Black "Demchenko, Anton"]
[Result "0-1"]
[WhiteElo "2131"]
[BlackElo "2595"]
[PlyCount "52"]
[EventDate "2015.10.03"]
[EventRounds "9"]
[EventCountry "RUS"]

1. e4 g6 2. d4 Bg7 3. Nf3 d6 4. Nc3 a6 5. a4 Nc6 6. Be3 Nf6 7. Be2 O-O 8. O-O
e6 9. d5 Nb4 10. a5 c5 11. Ne1 exd5 12. exd5 b6 13. Bf3 bxa5 14. Bg5 h6 15. Bh4
g5 16. Bg3 Bb7 17. h4 Re8 18. hxg5 hxg5 19. Qd2 g4 20. Bd1 Nbxd5 21. Nxd5 Bxd5
22. b3 Bc6 23. Qxa5 Ne4 24. Nd3 Nxg3 25. fxg3 Bd4+ 26. Nf2 Qg5 0-1

[Event "Chigorin Memorial"]
[Site "St Petersburg"]
[Date "2015.10.04"]
[Round "2.87"]
[White "Feduk, Viktor"]
[Black "Amonatov, Farrukh"]
[Result "0-1"]
[WhiteElo "2136"]
[BlackElo "2591"]
[PlyCount "70"]
[EventDate "2015.10.03"]
[EventRounds "9"]
[EventCountry "RUS"]

1. e4 c5 2. c3 d5 3. exd5 Qxd5 4. d4 Nc6 5. Nf3 Bg4 6. Be2 cxd4 7. cxd4 e6 8.
O-O Nf6 9. Nc3 Qa5 10. h3 Bh5 11. Qb3 Qb4 12. Be3 Bd6 13. Nb5 Bb8 14. g4 Bg6
15. Ne5 Nd5 16. Rfc1 O-O 17. Nxc6 bxc6 18. Rxc6 Qe7 19. Bf3 Qh4 20. Bg2 a6 21.
Na3 h5 22. Qd1 hxg4 23. Qxg4 Qh7 24. Nc4 Nf6 25. Qe2 Bd3 26. Qd2 Be4 27. Rc5
Bxg2 28. Kxg2 Ne4 29. Qd3 f5 30. Rc6 Qg6+ 31. Kf3 Qh5+ 32. Kg2 Rf6 33. Ne5 Bxe5
34. dxe5 Rg6+ 35. Kf1 Qxh3+ 0-1

[Event "Chigorin Memorial"]
[Site "St Petersburg"]
[Date "2015.10.04"]
[Round "2.88"]
[White "Levin, Evgeny A"]
[Black "Smirnov, Mikhail"]
[Result "1-0"]
[WhiteElo "2508"]
[BlackElo "2115"]
[PlyCount "71"]
[EventDate "2015.10.03"]
[EventRounds "9"]
[EventCountry "RUS"]

1. c4 Nf6 2. Nc3 d5 3. cxd5 Nxd5 4. g3 g6 5. Bg2 Nb6 6. d3 Bg7 7. Be3 c6 8. Qd2
h6 9. Nf3 N8d7 10. O-O Nd5 11. Nxd5 cxd5 12. Rac1 e5 13. Qb4 Qe7 14. Qb3 Qe6
15. Qa3 Bf8 16. Qa4 Bd6 17. d4 e4 18. Ne5 Ke7 19. f3 Nb6 20. Qb3 exf3 21. Rxf3
f5 22. Bf4 g5 23. Re3 gxf4 24. Ng6+ Kf6 25. Rxe6+ Bxe6 26. Nxh8 Rxh8 27. gxf4
Bxf4 28. Rf1 Bg5 29. Qg3 Rg8 30. Qe5+ Kf7 31. Kh1 Bf6 32. Qc7+ Kg6 33. Qxb7
Bxd4 34. Qe7 Bf7 35. Rxf5 Rg7 36. Rf3 1-0

[Event "Chigorin Memorial"]
[Site "St Petersburg"]
[Date "2015.10.04"]
[Round "2.89"]
[White "Golubov, Saveliy"]
[Black "Kurilo, Vladislav"]
[Result "1/2-1/2"]
[WhiteElo "2453"]
[BlackElo "2088"]
[PlyCount "106"]
[EventDate "2015.10.03"]
[EventRounds "9"]
[EventCountry "RUS"]

1. b3 e5 2. Bb2 Nc6 3. e3 Nf6 4. Bb5 Bd6 5. Na3 e4 6. Nh3 Be5 7. Qc1 Bxb2 8.
Qxb2 Ne7 9. Nf4 c6 10. Be2 d5 11. c4 O-O 12. O-O Ng6 13. Nxg6 hxg6 14. Rad1 Qe7
15. cxd5 Nxd5 16. Nc2 Rd8 17. f3 f5 18. Bc4 Kh7 19. Bxd5 Rxd5 20. Nd4 Bd7 21.
Ne2 c5 22. Nc3 Rd6 23. fxe4 fxe4 24. Rf4 Bc6 25. Rdf1 Rf6 26. Qc2 Rxf4 27. Rxf4
Re8 28. h4 Qe5 29. Nd1 Re6 30. Nf2 Rd6 31. Nh3 Kg8 32. Ng5 b6 33. Qc4+ Bd5 34.
Qa6 Qe7 35. Qc8+ Rd8 36. Qg4 Qd7 37. Qg3 Re8 38. Nh3 Be6 39. Rxe4 Bxh3 40.
Rxe8+ Qxe8 41. Qxh3 Qe5 42. Qd7 Qa1+ 43. Kf2 Qxa2 44. Qd5+ Kf8 45. e4 Qa6 46.
Qd8+ Kf7 47. Qd7+ Kf8 48. e5 Qa1 49. Qd6+ Kf7 50. Qd7+ Kf8 51. Qd8+ Kf7 52.
Qd7+ Kf8 53. Qd6+ Kf7 1/2-1/2

[Event "Chigorin Memorial"]
[Site "St Petersburg"]
[Date "2015.10.04"]
[Round "2.90"]
[White "Atabayev, Yusup"]
[Black "Sazonova, Anastasia"]
[Result "1/2-1/2"]
[WhiteElo "2428"]
[BlackElo "2065"]
[PlyCount "174"]
[EventDate "2015.10.03"]
[EventRounds "9"]
[EventCountry "RUS"]

1. e4 c5 2. Nf3 e6 3. d4 cxd4 4. Nxd4 Nc6 5. Nc3 Qc7 6. g3 a6 7. Bg2 Nf6 8. O-O
Be7 9. Be3 O-O 10. f4 d6 11. h3 Bd7 12. Nde2 Na5 13. Kh2 Nc4 14. Bc1 Rac8 15.
b3 Na5 16. Bb2 b5 17. a3 Bc6 18. Nd4 Bb7 19. Qd3 Qb8 20. Rae1 Bd8 21. f5 e5 22.
Nde2 Bb6 23. Bc1 h6 24. g4 d5 25. g5 hxg5 26. Bxg5 Nxe4 27. Bxe4 dxe4 28. Qg3
f6 29. Be3 Bxe3 30. Qxe3 Qc7 31. Rf2 Kf7 32. Rg1 Rh8 33. Nxe4 Bxe4 34. Qxe4 Nb7
35. Rfg2 Rh7 36. Qg4 Kg8 37. Ng3 Nd6 38. Rd1 Ne8 39. Ne4 Qf7 40. Nd6 Nxd6 41.
Rxd6 Qh5 42. Kg3 Rc3+ 43. Rd3 Rxd3+ 44. cxd3 Qf7 45. b4 Qd7 46. Qf3 Rh6 47. Kh2
Qc7 48. Qe4 Kh7 49. h4 Qd7 50. Qg4 Kg8 51. Rg3 Rh7 52. Kh3 Qc8 53. Qf3 g5 54.
Rg4 Rxh4+ 55. Rxh4 gxh4 56. Kxh4 Kf8 57. Kg4 Qd8 58. Qc6 Kg7 59. Qb7+ Kh6 60.
Qh1+ Kg7 61. Qe4 Qd7 62. Kf3 Kf7 63. Ke2 Qd6 64. Qb7+ Ke8 65. Qc8+ Kf7 66. Kd2
Ke7 67. Kc2 Qb6 68. Kb3 Qd6 69. Kc3 Qd4+ 70. Kc2 Qd6 71. Qg8 Qc6+ 72. Kd2 Qd6
73. Ke3 Qd4+ 74. Ke2 Qd6 75. Qg7+ Ke8 76. Qb7 Kf8 77. Qe4 Qb6 78. Qd5 Ke7 79.
Kf3 Ke8 80. Kg2 Ke7 81. Qe4 Kf7 82. Kh3 Ke7 83. Kg2 Kf7 84. Qd5+ Ke7 85. Kf3
Ke8 86. Ke4 Ke7 87. Kf3 Ke8 1/2-1/2

[Event "Chigorin Memorial"]
[Site "St Petersburg"]
[Date "2015.10.04"]
[Round "2.91"]
[White "Slavin, Alexey"]
[Black "Kiseleva, Arina"]
[Result "1-0"]
[WhiteElo "2401"]
[BlackElo "1998"]
[PlyCount "59"]
[EventDate "2015.10.03"]
[EventRounds "9"]
[EventCountry "RUS"]

1. e4 c5 2. Nf3 d6 3. d4 cxd4 4. Nxd4 Nf6 5. Nc3 Nc6 6. f3 e5 7. Nb3 Be7 8. Be3
O-O 9. Qd2 Be6 10. Nd5 Ne8 11. O-O-O f5 12. exf5 Bxf5 13. Bd3 Bxd3 14. Qxd3 Bg5
15. Nd2 Bxe3 16. Nxe3 Qd7 17. Ne4 Rd8 18. c3 Ne7 19. Nc5 Qc8 20. Qc4+ Rf7 21.
Ne6 b5 22. Qb3 h6 23. Nxd8 Qxd8 24. Qxb5 Nc8 25. Qxe5 Qd7 26. Qd4 Nc7 27. Rhe1
Nb5 28. Qg4 Qc6 29. Qc4 Qd7 30. Nd5 1-0

[Event "Chigorin Memorial"]
[Site "St Petersburg"]
[Date "2015.10.04"]
[Round "2.92"]
[White "Gantsevich, Aleksei"]
[Black "Gorbatov, Alexej"]
[Result "0-1"]
[WhiteElo "2036"]
[BlackElo "2368"]
[PlyCount "152"]
[EventDate "2015.10.03"]
[EventRounds "9"]
[EventCountry "RUS"]

1. Nf3 c5 2. c4 g6 3. g3 Bg7 4. Bg2 Nc6 5. Nc3 d6 6. O-O Nh6 7. d3 Nf5 8. e4
Nfd4 9. Nxd4 Nxd4 10. Be3 O-O 11. Qd2 Rb8 12. Bh6 Bd7 13. Bxg7 Kxg7 14. Ne2
Nxe2+ 15. Qxe2 f6 16. a4 Qa5 17. f4 e5 18. f5 g5 19. h4 gxh4 20. gxh4 Kh8 21.
Kh2 Rg8 22. Bf3 Rg7 23. Rg1 Rbg8 24. Bh5 Rxg1 25. Rxg1 Rxg1 26. Kxg1 Bxa4 27.
Bf7 Qc7 28. Qh5 Qe7 29. Kh2 b6 30. Kh3 Kg7 31. Bd5 Kf8 32. Kh2 Qg7 33. Kh3 Be8
34. Qd1 Qh6 35. Qg1 Qg7 36. Qd1 Ke7 37. Qa1 a5 38. Qd1 Kd8 39. Be6 Kc7 40. Bd5
Kb8 41. Be6 Ka7 42. Bd5 Ka6 43. Be6 Kb7 44. Bd5+ Kc8 45. Be6+ Kd8 46. Bd5 a4
47. Be6 Kc7 48. Bd5 Kb8 49. Be6 Ka7 50. Bd5 Ka6 51. b3 Qh6 52. bxa4 Qe3+ 53.
Kg2 Ka5 54. Qf1 Bxa4 55. Bf7 Qd2+ 56. Kh1 Qd1 57. Kg2 Qg4+ 58. Kf2 Qxh4+ 59.
Ke3 Qg3+ 60. Kd2 Qf4+ 61. Qxf4 exf4 62. Bh5 Kb4 63. Be2 Be8 64. Bf3 h5 65. Be2
h4 66. Bg4 Bf7 67. Kc2 Bxc4 68. dxc4 Kxc4 69. Kd2 Kd4 70. Bf3 h3 71. Bh1 b5 72.
Ke2 b4 73. Kd2 c4 74. Ke2 b3 75. Kd2 c3+ 76. Kc1 h2 0-1

[Event "Chigorin Memorial"]
[Site "St Petersburg"]
[Date "2015.10.04"]
[Round "2.93"]
[White "Gevorgyan, David Sh"]
[Black "Golikov, Daniil"]
[Result "1-0"]
[WhiteElo "2359"]
[BlackElo "2039"]
[PlyCount "99"]
[EventDate "2015.10.03"]
[EventRounds "9"]
[EventCountry "RUS"]

1. d4 d5 2. c4 c6 3. e3 Nf6 4. Nc3 e6 5. Nf3 Nbd7 6. Qc2 dxc4 7. Bxc4 c5 8. O-O
cxd4 9. exd4 Be7 10. Bg5 O-O 11. a3 Nd5 12. h4 Nxc3 13. bxc3 h6 14. Bxe7 Qxe7
15. Rfe1 Qd6 16. Ba2 b6 17. Bb1 Nf6 18. Ne5 Rd8 19. Re4 Kf8 20. Rf4 Ke7 21. Qd3
Bb7 22. Qg3 Rg8 23. Bh7 g5 24. Rxf6 Kxf6 25. Bxg8 Rxg8 26. Ng4+ Ke7 27. Nxh6
Rg7 28. Qxd6+ Kxd6 29. hxg5 Ke7 30. f4 f6 31. Re1 Kd7 32. Ng4 fxg5 33. Ne5+ Kc7
34. fxg5 Rxg5 35. g4 Rg8 36. Kf2 Kd6 37. Kg3 Rc8 38. Re3 b5 39. g5 a5 40. g6
Kd5 41. Kf4 b4 42. cxb4 axb4 43. axb4 Rf8+ 44. Nf7 Rg8 45. Rg3 Kxd4 46. g7 Bd5
47. Ne5 Be4 48. b5 Bh7 49. b6 Rb8 50. Nc6+ 1-0

[Event "Chigorin Memorial"]
[Site "St Petersburg"]
[Date "2015.10.04"]
[Round "2.94"]
[White "Rybaizen, Boris"]
[Black "Ngnegevo, Filipp"]
[Result "1/2-1/2"]
[WhiteElo "2324"]
[BlackElo "1937"]
[PlyCount "83"]
[EventDate "2015.10.03"]
[EventRounds "9"]
[EventCountry "RUS"]

1. d4 Nf6 2. Bf4 d6 3. e3 g6 4. h3 Bg7 5. Nd2 O-O 6. Ngf3 Re8 7. Be2 Nbd7 8.
O-O c5 9. c3 b6 10. Rc1 Bb7 11. Ne1 e5 12. dxe5 Nxe5 13. Nef3 Qe7 14. Qc2 Rad8
15. Rcd1 Nxf3+ 16. Bxf3 d5 17. Rfe1 Ne4 18. Nxe4 dxe4 19. Be2 Be5 20. Bxe5 Qxe5
21. Bc4 Bd5 22. Bxd5 Rxd5 23. Rxd5 Qxd5 24. c4 Qe6 25. Rd1 Kf8 26. Rd5 Ke7 27.
Qd2 Rc8 28. Kh2 f6 29. a4 a5 30. b3 h5 31. f3 exf3 32. gxf3 Rc6 33. e4 Rd6 34.
Kg2 Rxd5 35. cxd5 Qe5 36. Qe3 g5 37. Qd3 h4 38. Kf1 Qg3 39. Ke2 Qxh3 40. Qa6
Qh2+ 41. Ke3 Qc7 42. Qa8 1/2-1/2

[Event "Chigorin Memorial"]
[Site "St Petersburg"]
[Date "2015.10.04"]
[Round "2.95"]
[White "Pushkov, Nikolai"]
[Black "Machlik, Edit"]
[Result "1-0"]
[WhiteElo "2314"]
[BlackElo "1946"]
[PlyCount "107"]
[EventDate "2015.10.03"]
[EventRounds "9"]
[EventCountry "RUS"]

1. d4 Nf6 2. c4 e6 3. Nf3 Bb4+ 4. Bd2 a5 5. g3 d6 6. Bg2 Nc6 7. O-O e5 8. Bg5
exd4 9. Nxd4 Nxd4 10. Qxd4 h6 11. Bxf6 Qxf6 12. Qxf6 gxf6 13. a3 Bc5 14. Nc3 c6
15. Ne4 Ke7 16. Rfd1 Be6 17. Rac1 Rhd8 18. Rd3 Bg4 19. h3 Bf5 20. g4 Bxe4 21.
Bxe4 Ra6 22. Kg2 Rb6 23. Rc2 Kf8 24. Bf5 Re8 25. e4 Kg7 26. f4 Re7 27. Kf3 Re8
28. h4 Rh8 29. Rg2 Kf8 30. Re2 Kg7 31. e5 fxe5 32. fxe5 Rd8 33. Red2 d5 34.
cxd5 cxd5 35. Rxd5 Rxd5 36. Rxd5 Be7 37. g5 hxg5 38. h5 Rxb2 39. Rd7 Kf8 40. h6
Rh2 41. h7 Ke8 42. Rxb7 Bd8 43. e6 Bf6 44. Rxf7 Be5 45. Ra7 Rh6 46. Rxa5 Bc3
47. Ra8+ Ke7 48. Ra7+ Ke8 49. a4 Bd4 50. Rb7 Bc3 51. Kg4 Bf6 52. a5 Rh4+ 53.
Kg3 Be5+ 54. Kg2 1-0

[Event "Chigorin Memorial"]
[Site "St Petersburg"]
[Date "2015.10.04"]
[Round "2.96"]
[White "Solovyov, Viktor"]
[Black "Shakirova, Renata"]
[Result "1-0"]
[WhiteElo "2312"]
[BlackElo "1932"]
[PlyCount "79"]
[EventDate "2015.10.03"]
[EventRounds "9"]
[EventCountry "RUS"]

1. d4 Nf6 2. c4 e6 3. g3 d5 4. Bg2 Be7 5. Nf3 O-O 6. O-O dxc4 7. Ne5 Nd5 8.
Nxc4 Nc6 9. e3 b6 10. e4 Nf6 11. Be3 Bb7 12. Nc3 Rb8 13. f4 Ba6 14. b3 b5 15.
e5 Nd7 16. Nd2 b4 17. Ne2 Na5 18. Rc1 Nb6 19. Ne4 Nd5 20. Bf2 Qd7 21. Re1 Nb7
22. Qd2 Rfd8 23. g4 Rbc8 24. N2g3 g6 25. f5 c5 26. dxc5 Rc6 27. Nd6 Bxd6 28.
cxd6 Rxc1 29. Rxc1 Nc3 30. Qh6 Qe8 31. Rxc3 exf5 32. Re3 f4 33. Qxf4 Nc5 34.
Bd5 Nd3 35. Qf6 Nxf2 36. Kxf2 Bc8 37. Rf3 Be6 38. Bxe6 fxe6 39. Ne4 h6 40. Rh3
1-0

[Event "Chigorin Memorial"]
[Site "St Petersburg"]
[Date "2015.10.04"]
[Round "2.97"]
[White "Bagaeva, Maria"]
[Black "Semiev, Suhrab"]
[Result "0-1"]
[WhiteElo "1500"]
[BlackElo "2306"]
[PlyCount "90"]
[EventDate "2015.10.03"]
[EventRounds "9"]
[EventCountry "RUS"]

1. e4 g6 2. d4 Bg7 3. Nc3 c6 4. Nf3 d6 5. Be3 Nf6 6. h3 b5 7. Bd3 Qc7 8. O-O e5
9. dxe5 dxe5 10. Ne2 O-O 11. Ng3 Nbd7 12. Qd2 Rd8 13. Rfd1 Nf8 14. Bh6 Ne6 15.
Bxg7 Kxg7 16. Qe3 a6 17. c3 c5 18. Bc2 Bb7 19. Rxd8 Rxd8 20. Rd1 Rxd1+ 21. Bxd1
c4 22. Bc2 h6 23. Ne2 Nd7 24. Nh2 h5 25. Nf3 Ndc5 26. Ng3 Nf4 27. Ne1 Qd6 28.
f3 Bc8 29. Kh2 Nce6 30. Ne2 Nxe2 31. Qxe2 Nf4 32. Qe3 h4 33. Qf2 Be6 34. Qe3
Qd8 35. b3 Qg5 36. Qf2 Nh5 37. b4 Ng3 38. a4 Qc1 39. axb5 axb5 40. Kg1 Kh7 41.
Kh2 Kh6 42. Kg1 g5 43. Kh2 Qa1 44. Qc5 Qxe1 45. Qf8+ Kh7 0-1